[Event "CZE-ch sf15 corr"]
[Site "Czechia"]
[Date "2004.08.25"]
[Round "?"]
[White "Juhasz, Jozef"]
[Black "Votypka, Miroslav"]
[Result "1/2-1/2"]
[WhiteElo "2188"]
[BlackElo "2249"]
[PlyCount "100"]
[EventDate "2003.??.??"]
[EventType "tourn (corr)"]
[EventRounds "14"]
[EventCountry "CZE"]
[SourceTitle "Corr 2006"]
[Source "ChessBase"]
[SourceDate "2006.04.01"]
[SourceVersion "3"]
[SourceVersionDate "2006.04.01"]
[SourceQuality "1"]

1. d4 Nf6 2. c4 g6 3. Nc3 d5 4. cxd5 Nxd5 5. e4 Nxc3 6. bxc3 Bg7 7. Nf3 c5 8. Rb1 0-0 9. Be2 cxd4 10. cxd4 Qa5+ 11. Qd2 Qxd2+ 12. Bxd2 b6 13. Rc1 Bb7 14. d5 Na6 15. Bg5 Rfc8 16. Rxc8+ Rxc8 17. Bxe7 Rc1+ 18. Bd1 Ra1 19. 0-0 Rxa2 20. Bb3 Rb2 21. Bc4 b5 22. Bd3 f5 23. exf5 Bxd5 24. f6 Bf8 25. Ne5 Nc5 26. Rc1 Nxd3 27. Nxd3 Rd2 28. Ne5 Bc4 29. g4 Re2 30. f4 a5 31. Bxf8 Kxf8 32. Nxc4 bxc4 33. Rxc4 Rb2 34. g5 Rb4 35. Rc8+ Kf7 36. Rc7+ Kg8 37. Rg7+ Kf8 38. Kf2 Rxf4+ 39. Kg3 Rf1 40. Rxh7 Rg1+ 41. Kf4 Rf1+ 42. Ke4 Rg1 43. Ke5 a4 44. h4 Rh1 45. Ke6 Re1+ 46. Kd6 Rh1 47. Kc5 Rh3 48. Kb4 a3 49. Ra7 Rxh4+ 50. Kxa3 Rg4 1/2-1/2

[Event "CZE-ch sf15 corr"]
[Site "Czechia"]
[Date "2004.08.15"]
[Round "?"]
[White "Votypka, Miroslav"]
[Black "Juhasz, Jozef"]
[Result "1/2-1/2"]
[WhiteElo "2249"]
[BlackElo "2188"]
[PlyCount "104"]
[EventDate "2003.??.??"]
[EventType "tourn (corr)"]
[EventRounds "14"]
[EventCountry "CZE"]
[SourceTitle "Corr 2006"]
[Source "ChessBase"]
[SourceDate "2006.04.01"]
[SourceVersion "3"]
[SourceVersionDate "2006.04.01"]
[SourceQuality "1"]

1. e4 e5 2. Nf3 Nc6 3. Bb5 a6 4. Ba4 Nf6 5. 0-0 Be7 6. Re1 b5 7. Bb3 d6 8. c3 0-0 9. h3 Bb7 10. d4 Re8 11. a4 Na5 12. Bc2 c5 13. dxe5 dxe5 14. Qxd8 Bxd8 15. axb5 axb5 16. b4 cxb4 17. cxb4 Nc6 18. Rxa8 Bxa8 19. Bd3 Nxb4 20. Bxb5 Rf8 21. Nbd2 Nc2 22. Rd1 Bc7 23. Ba4 Nd4 24. Nxd4 exd4 25. f3 Rb8 26. Bc2 Bb6 27. Kf1 Bc6 28. Nc4 Bb5 29. Bd3 Bc7 30. Na3 Bxd3+ 31. Rxd3 Rb4 32. Rd1 Bb6 33. Bd2 Ra4 34. Rc1 h6 35. Rc8+ Kh7 36. Nc4 Nd7 37. Ke2 Bc5 38. Rc7 Ra7 39. Bf4 g5 40. Rxa7 Bxa7 41. Bd6 Kg6 42. Ne5+ Nxe5 43. Bxe5 f6 44. Bh2 h5 45. Kd3 h4 46. Bg1 Bb8 47. Bxd4 Kf7 48. Kc4 Ke6 49. Bc5 Bc7 50. Be3 Be5 51. Kc5 Bd6+ 52. Kd4 Be5+ 1/2-1/2

[Event "CZE-ch sf15 corr"]
[Site "Czechia"]
[Date "2004.07.05"]
[Round "?"]
[White "Juhasz, Jozef"]
[Black "Milos, Vladislav"]
[Result "1-0"]
[WhiteElo "2188"]
[BlackElo "2181"]
[PlyCount "105"]
[EventDate "2003.??.??"]
[EventType "tourn (corr)"]
[EventRounds "14"]
[EventCountry "CZE"]
[SourceTitle "Corr 2006"]
[Source "ChessBase"]
[SourceDate "2006.04.01"]
[SourceVersion "3"]
[SourceVersionDate "2006.04.01"]
[SourceQuality "1"]

1. e4 c5 2. Nf3 d6 3. d4 cxd4 4. Nxd4 Nf6 5. Nc3 Nc6 6. Bg5 e6 7. Bb5 Bd7 8. 0-0 Be7 9. Nf3 0-0 10. Bxf6 gxf6 11. Qd3 a6 12. Bxc6 bxc6 13. Rfe1 Kh8 14. Rab1 Rg8 15. a3 Qb6 16. Nd2 Bc8 17. b4 Qc7 18. Ne2 a5 19. c4 axb4 20. axb4 Bb7 21. b5 cxb5 22. cxb5 Qb6 23. Ng3 d5 24. exd5 Bxd5 25. Nc4 Qc5 26. Ne3 Ra3 27. Qe2 Bb7 28. Red1 Rd8 29. Rxd8+ Bxd8 30. Rd1 Be7 31. Qh5 Qxh5 32. Nxh5 Bc8 33. Rc1 Ra8 34. Ng4 f5 35. Nh6 Bb7 36. f4 Rc8 37. Rxc8+ Bxc8 38. Nxf7+ Kg8 39. Ne5 Bb7 40. h3 Kf8 41. g4 Bd8 42. Kf1 Bc7 43. g5 Ke7 44. Ke2 Bc8 45. Nf6 Bxe5 46. fxe5 Kf7 47. h4 Kg7 48. Kf3 Bb7+ 49. Kf4 Bg2 50. h5 h6 51. Ne8+ Kg8 52. g6 Bh1 53. Nc7 1-0

[Event "CZE-ch sf15 corr"]
[Site "Czechia"]
[Date "2004.06.17"]
[Round "?"]
[White "Milos, Vladislav"]
[Black "Juhasz, Jozef"]
[Result "1-0"]
[WhiteElo "2181"]
[BlackElo "2288"]
[PlyCount "101"]
[EventDate "2003.??.??"]
[EventType "tourn (corr)"]
[EventRounds "14"]
[EventCountry "CZE"]
[SourceTitle "Corr 2006"]
[Source "ChessBase"]
[SourceDate "2006.04.01"]
[SourceVersion "3"]
[SourceVersionDate "2006.04.01"]
[SourceQuality "1"]

1. e4 e5 2. Nf3 Nc6 3. Bb5 a6 4. Ba4 Nf6 5. 0-0 h5 6. Bxc6 dxc6 7. Nxe5 h4 8. h3 g5 9. d4 g4 10. hxg4 Nd7 11. Bf4 Bg7 12. Nxd7 Bxd7 13. c3 Be6 14. f3 Qe7 15. Qe1 Bc4 16. Rf2 0-0-0 17. Nd2 Be6 18. a4 h3 19. gxh3 Rxh3 20. Rh2 Rxh2 21. Kxh2 Rh8+ 22. Kg2 Qf6 23. Qg3 Qd8 24. Rh1 Rxh1 25. Kxh1 c5 26. d5 Bd7 27. a5 Bf8 28. Qh2 Be8 29. Kg2 Bb5 30. Qh7 Qf6 31. Be3 b6 32. axb6 cxb6 33. g5 Qg7 34. Qf5+ Bd7 35. Qf4 Bb5 36. Bf2 Be7 37. Bg3 Kd7 38. c4 Qxg5 39. cxb5 Qxf4 40. Bxf4 axb5 41. e5 c4 42. Be3 Bd8 43. f4 Bc7 44. Bd4 Bd8 45. f5 Kc7 46. e6 Kd6 47. exf7 Be7 48. Bg7 Kxd5 49. Kf3 Bd6 50. Ne4 Bb4 51. Nc3+ 1-0

[Event "CZE-ch sf15 corr"]
[Site "Czechia"]
[Date "2004.06.08"]
[Round "?"]
[White "Juhasz, Jozef"]
[Black "Ksir, Bohumil"]
[Result "1/2-1/2"]
[WhiteElo "2188"]
[BlackElo "2115"]
[PlyCount "81"]
[EventDate "2003.??.??"]
[EventType "tourn (corr)"]
[EventRounds "14"]
[EventCountry "CZE"]
[SourceTitle "Corr 2006"]
[Source "ChessBase"]
[SourceDate "2006.04.01"]
[SourceVersion "3"]
[SourceVersionDate "2006.04.01"]
[SourceQuality "1"]

1. e4 c6 2. d4 d5 3. e5 Bf5 4. Nf3 e6 5. Be2 Nd7 6. 0-0 Bg6 7. Nbd2 Ne7 8. Nh4 c5 9. Nxg6 Nxg6 10. c3 Qb6 11. a4 Be7 12. a5 Qc6 13. f4 0-0 14. Bd3 c4 15. Bc2 f5 16. Qh5 Rf7 17. Rf3 b5 18. axb6 axb6 19. Rxa8+ Qxa8 20. Rf1 Ndf8 21. Qf3 Qa2 22. Qd1 Bd8 23. Nb1 Qa8 24. b3 b5 25. Na3 Qa6 26. Qf3 Ra7 27. Bb2 Qc6 28. b4 Ra6 29. Qg3 Be7 30. Ra1 Qb6 31. Qf3 Qc6 32. Ra2 Qb7 33. Qe3 Nd7 34. Bc1 Qa8 35. Bd1 Ndf8 36. Qf3 Nd7 37. Qf2 Bd8 38. Qg3 Ndf8 39. Ra1 Ne7 40. Bc2 Bb6 41. Qe3 1/2-1/2

[Event "CZE-ch sf15 corr"]
[Site "Czechia"]
[Date "2004.04.19"]
[Round "?"]
[White "Sochor, Frantisek"]
[Black "Juhasz, Jozef"]
[Result "1/2-1/2"]
[WhiteElo "2252"]
[BlackElo "2188"]
[PlyCount "159"]
[EventDate "2003.??.??"]
[EventType "tourn (corr)"]
[EventRounds "14"]
[EventCountry "CZE"]
[SourceTitle "Corr 2006"]
[Source "ChessBase"]
[SourceDate "2006.04.01"]
[SourceVersion "3"]
[SourceVersionDate "2006.04.01"]
[SourceQuality "1"]

1. e4 e5 2. Nf3 Nc6 3. Bb5 a6 4. Ba4 Nf6 5. 0-0 Be7 6. Re1 b5 7. Bb3 d6 8. a4 Bg4 9. c3 0-0 10. h3 Bxf3 11. Qxf3 Na5 12. Bc2 c5 13. d3 b4 14. Nd2 Rb8 15. Nf1 Ne8 16. Ne3 Bg5 17. Nf5 Bxc1 18. Raxc1 b3 19. Bd1 Qg5 20. Be2 g6 21. Qe3 Qxe3 22. Nxe3 Nf6 23. Rf1 h5 24. f4 Kg7 25. g3 Rfe8 26. g4 hxg4 27. hxg4 Nd7 28. fxe5 Rxe5 29. Rf4 Rbe8 30. Rcf1 f6 31. R1f2 c4 32. d4 Rxe4 33. Rxe4 Rxe4 34. Nxc4 Nxc4 35. Bxc4 Nb6 36. Bxb3 Rxg4+ 37. Kh2 d5 38. a5 Nc4 39. Bd1 Rh4+ 40. Kg3 Rh8 41. Bf3 Rd8 42. b4 f5 43. b5 axb5 44. Ra2 g5 45. a6 Nb6 46. a7 Ra8 47. Ra6 Nc8 48. Rc6 Nxa7 49. Ra6 Kh8 50. Kf2 b4 51. cxb4 Rb8 52. Rxa7 Rxb4 53. Rf7 f4 54. Rf5 Rxd4 55. Rxg5 Rd2+ 56. Ke1 Rh2 57. Bxd5 Kh7 58. Bg2 Kh6 59. Rg8 Rh5 60. Kf2 Rg5 61. Rf8 Rg4 62. Be4 Kg7 63. Rf5 Rh4 64. Kf3 Kh6 65. Rd5 Kg7 66. Bf5 Kf6 67. Bg4 Rh1 68. Kxf4 Rf1+ 69. Bf3 Re1 70. Rc5 Ke6 71. Rc6+ Kd7 72. Ra6 Rf1 73. Ke4 Rb1 74. Kd4 Rg1 75. Be4 Rg5 76. Bd5 Rh5 77. Kc5 Ke7 78. Re6+ Kd7 79. Rf6 Re5 80. Rf7+ 1/2-1/2